Estadísticas para UNESCO - Patrimonios de la Humanidad en España

Haz click aquí para intentar la prueba.

Estadísticas generales

  • Esta prueba ha sido intentada 70 veces
  • La puntuación promedio es 22 de 71

Estadísticas de respuestas

TipoNombre% Correcto
CulturalAlhambra, Generalife y Albaicín de Granada
75%
CulturalCiudad vieja de Santiago de Compostela
74%
CulturalCatedral y alcázar Sevilla
72%
CulturalCentro histórico de Córdoba
72%
CulturalConjunto arqueológico de Mérida
68%
CulturalCiudad vieja y acueducto de Segovia
66%
CulturalCatedral de Burgos
64%
CulturalCasco antiguo de Ávila
57%
CulturalCiudad histórica de Toledo
55%
NaturalParque Nacional del Teide
55%
CulturalCiudad vieja de Salamanca
53%
NaturalParque Nacional de Doñana
49%
CulturalCiudad vieja de Cáceres
47%
MixtoPirineos - Monte Perdido
47%
CulturalCueva y arte rupestre de Altamira
45%
CulturalMonasterio y Sitio de El Escorial
45%
CulturalPaseo del Prado y el Buen Retiro
45%
CulturalUniversidad y barrio histórico de Alcalá de Henares
45%
CulturalConjunto arqueológico de Tarraco
43%
MixtoBiodiversidad y cultura de Ibiza
42%
CulturalCamino de Santiago de Compostela
42%
CulturalCiudad histórica fortificada de Cuenca
42%
CulturalIbiza, biodiversidad y cultura
42%
InmaterialFallas de Valencia
40%
CulturalTorre de Hércules
40%
InmaterialFlamenco
36%
CulturalMuralla romana de Lugo
36%
CulturalObras de Antoni Gaudí
36%
MixtoMenorca talayótica
34%
CulturalPaisaje cultural de Aranjuez
34%
CulturalPalmeral de Elche
34%
CulturalArte rupestre del arco mediterráneo
30%
CulturalConjuntos renacentistas de Úbeda y Baeza
30%
CulturalMonumentos de Oviedo y del Reino de Asturias
30%
CulturalYacimiento arqueológico de Atapuerca
30%
CulturalPuente de Vizcaya
28%
NaturalParque Nacional de Garajonay
26%
CulturalLas Médulas
25%
CulturalSitio de los Dólmenes de Antequera
25%
CulturalArquitectura mudéjar de Aragón
23%
InmaterialDieta mediterránea
23%
InmaterialLos Caballos del Vino
23%
InmaterialSilbo gomero
23%
CulturalCiudad Califal de Medina Azahara
21%
CulturalPaisaje cultural de la Serra de Tramuntana
21%
InmaterialFestival de los Patios de Córdoba
19%
CulturalSan Cristóbal de La Laguna
19%
InmaterialMisterio de Elche
17%
CulturalLa Lonja de la Seda de Valencia
15%
CulturalReal Monasterio de Santa María de Guadalupe
15%
InmaterialCastells
13%
NaturalHayedos primarios de los Cárpatos
13%
CulturalIglesias románicas catalanas de la Vall de Boí
13%
InmaterialLoza y azulejería de Talavera de la Reina
13%
CulturalMonasterio de Poblet
13%
CulturalPatrimonio del mercurio de Almadén
13%
InmaterialPatum de Berga
13%
InmaterialMare de Déu de la Salut de Algemesí
11%
CulturalMonasterios de San Millán de Yuso y de Suso
11%
CulturalPaisaje Cultural de Risco Caído de Gran Canaria
11%
CulturalPalau de la Música Catalana y Hospital de Sant Pau
11%
CulturalSitios de arte rupestre prehistórico del Valle del Coa
11%
InmaterialConocimientos y técnicas de construir muros en piedra seca
9%
InmaterialEl toque manual de campanas
9%
InmaterialCanto de la Sibila de Mallorca
8%
InmaterialCetrería
8%
InmaterialLa maderada
8%
InmaterialLas Tamboradas
8%
InmaterialTrashumancia
8%
InmaterialArtesanía de vidrio soplado
6%
InmaterialTribunales de regantes del Mediterráneo español
6%

Distribución de puntuación

Porcentaje por número respondido

Porcentaje de gente con cada puntuación

Historial de tus puntuaciones

No has intentado esta prueba.